000 00557nam a2200193 a 4500
001 BRCA_8593
005 20190320210335.0
245 1 0 _aCuaderno en blanco.
260 _a[s.l.]
_b[s.i.]
_c[s.e.]
300 _a76 p.
_c21 cm
500 _aFondo antiguo
500 _aSe encuentra en Caja Fuerte
500 _aLB-2
500 _aFirma en la pƔgina 59
500 _aNota de encuadernación: carpeta en piel de becerro
506 0 _aFondo reservado: para su consulta es necesario credencial de usuario y carta de motivos
902 _aLAR
942 _2lcc
_cB
999 _c8256
_d8256